书目信息 |
| 题名: |
激荡三十年:中国企业1978-2008
|
|
| 作者: | 吴晓波 著 | |
| 分册: | 下册 | |
| 出版信息: | 北京 中信出版社 2014.08 |
|
| 页数: | 430页 | |
| 开本: | 20cm | |
| 丛书名: | ||
| 单 册: | ||
| 中图分类: | F279.297 | |
| 科图分类: | ||
| 主题词: | 企业经济 | |
| 电子资源: | ||
| ISBN: | 7-5086-4657-6 | |
| 000 | 00580nam0 2200193 450 | |
| 001 | 1732025594 | |
| 005 | 20170612085657.91 | |
| 010 | @a7-5086-4657-6@dCNY45.00 | |
| 100 | @a20170612d2014 km y0chiy0120 ea | |
| 101 | 0 | @achi |
| 102 | @aCN@b110000 | |
| 200 | 1 | @a激荡三十年:中国企业1978-2008@Aji dang san shi nian:zhong guo qi ye 1978-2008@h下册@f吴晓波著@Fwu xiao bo zhu |
| 210 | @a北京@c中信出版社@d2014.08 | |
| 215 | @a430页@d20cm | |
| 606 | 0 | @a企业经济 |
| 690 | @aF279.297@v4 | |
| 701 | 0 | @a吴晓波@Awu xiao bo@4著 |
| 801 | 0 | @aCN@bMUSE@c20170612 |
| 905 | @aMUSE@dF279.297@eW890:2 | |
| 激荡三十年:中国企业1978-2008.下册/吴晓波著.-北京:中信出版社,2014.08 |
| 430页;20cm |
| ISBN 7-5086-4657-6:CNY45.00 |
| ● |
| 相关链接 |
|
|
|
正题名:激荡三十年:中国企业1978-2008
索取号:F279.297/W890:2
 
预约/预借
| 序号 | 登录号 | 条形码 | 馆藏地/架位号 | 状态 | 备注 |
| 1 | 1236664 | 212366642 | 土木与交通工程学院资料室/ [索取号:F279.297/W890:2] | 在馆 | |
| 2 | 1236665 | 212366651 | 土木与交通工程学院资料室/ [索取号:F279.297/W890:2] | 在馆 | |
| 3 | 1236666 | 212366660 | 土木与交通工程学院资料室/ [索取号:F279.297/W890:2] | 在馆 | |
| 4 | 1236667 | 212366679 | 土木与交通工程学院资料室/ [索取号:F279.297/W890:2] | 在馆 | |
| 5 | 1236668 | 212366688 | 土木与交通工程学院资料室/ [索取号:F279.297/W890:2] | 在馆 | |
| 6 | 1236669 | 212366697 | 土木与交通工程学院资料室/ [索取号:F279.297/W890:2] | 在馆 | |
| 7 | 1236670 | 212366704 | 土木与交通工程学院资料室/ [索取号:F279.297/W890:2] | 在馆 | |
| 8 | 1236671 | 212366713 | 土木与交通工程学院资料室/ [索取号:F279.297/W890:2] | 在馆 | |
| 9 | 1236672 | 212366722 | 土木与交通工程学院资料室/ [索取号:F279.297/W890:2] | 在馆 | |
| 10 | 1236673 | 212366731 | 土木与交通工程学院资料室/ [索取号:F279.297/W890:2] | 在馆 | |
| 11 | 1236674 | 212366740 | 土木与交通工程学院资料室/ [索取号:F279.297/W890:2] | 在馆 | |
| 12 | 1236675 | 212366759 | 土木与交通工程学院资料室/ [索取号:F279.297/W890:2] | 在馆 | |
| 13 | 1236676 | 212366768 | 土木与交通工程学院资料室/ [索取号:F279.297/W890:2] | 在馆 | |
| 14 | 1236677 | 212366777 | 土木与交通工程学院资料室/ [索取号:F279.297/W890:2] | 在馆 | |
| 15 | 1236678 | 212366786 | 土木与交通工程学院资料室/ [索取号:F279.297/W890:2] | 在馆 | |
| 16 | 1236679 | 212366795 | 土木与交通工程学院资料室/ [索取号:F279.297/W890:2] | 在馆 | |
| 17 | 1236680 | 212366802 | 土木与交通工程学院资料室/ [索取号:F279.297/W890:2] | 在馆 | |
| 18 | 1236681 | 212366811 | 土木与交通工程学院资料室/ [索取号:F279.297/W890:2] | 在馆 | |
| 19 | 1236682 | 212366820 | 土木与交通工程学院资料室/ [索取号:F279.297/W890:2] | 在馆 | |
| 20 | 1236683 | 212366839 | 土木与交通工程学院资料室/ [索取号:F279.297/W890:2] | 在馆 | |
| 21 | 1236684 | 212366848 | 土木与交通工程学院资料室/ [索取号:F279.297/W890:2] | 在馆 | |
| 22 | 1236685 | 212366857 | 土木与交通工程学院资料室/ [索取号:F279.297/W890:2] | 在馆 | |
| 23 | 1236686 | 212366866 | 土木与交通工程学院资料室/ [索取号:F279.297/W890:2] | 在馆 | |
| 24 | 1236687 | 212366875 | 土木与交通工程学院资料室/ [索取号:F279.297/W890:2] | 在馆 | |
| 25 | 1236688 | 212366884 | 土木与交通工程学院资料室/ [索取号:F279.297/W890:2] | 在馆 |